00205nam a22000737a 4500082001200000245006400012260002700076650002800103 a540 ADV aAdvanced Level Chemistry Teachers Workshop 11-14 March 2014 aColombobICHEMCc20008 aAdvance level chemistry